Central Library, Doon University
WEBOPAC (ONLINE PUBLIC ACCESS CATALOGUE)

Using Geochemical Data (Record no. 60392)

MARC details
000 -LEADER
fixed length control field 00483nam a22001817a 4500
005 - DATE & TIME
control field 20260218161007.0
008 - FIXED-LENGTH DATA ELEMENTS--GENERAL INFORMATION
fixed length control field 260218b |||||||| |||| 00| 0 eng d
020 ## - ISBN
International Standard Book Number 9781032297859
Price 2995.00
040 ## - CATALOGING SOURCE
Original cataloging agency Doon University
041 ## - Language
Language English
082 ## - DDC NUMBER
Classification number 551.9
Book Number ROL
100 ## - MAIN ENTRY--PERSONAL NAME
Personal name Rollinson, Hugh
245 ## - TITLE STATEMENT
Title Using Geochemical Data
Sub Title : Evaluation Presentation Interpretation
260 ## - PUBLICATION, DISTRIBUTION, ETC. (IMPRINT)
Place of publication, distribution, etc New York
Name of publisher, distributor, etc Routledge
Date of publication, distribution, etc 2022
300 ## - PHYSICAL DESCRIPTION
Pages 352
650 ## - Subject
Subject Geology
942 ## - ADDED ENTRY ELEMENTS (KOHA)
Koha item type Books
100 ## - MAIN ENTRY--PERSONAL NAME
-- 26343
650 ## - Subject
-- 1039
952 ## - LOCATION AND ITEM INFORMATION (KOHA)
-- 2026-02-18
Holdings
Withdrawn status Lost status Source of classification or shelving scheme Damaged status Not for loan Location (home branch) Sublocation or collection (holding branch) Date acquired Koha issues (times borrowed) Koha full call number Accession No. Koha date last seen Koha item type
          Doon University Doon University 18.02.2026   551.9 ROL 52863 18.02.2026 Books
Contact : +91-135-2533126 (Library),+91-135-2533105 (Admin Office) , Email : doonlibrary@gmail.com

Powered by Koha